000 00611nam a2200205 i 4500
001 58695
003 ES-MaACL
005 20240518063029.0
007 t|
008 031023s1911 sp |||| | spa d
080 _a821.134.3-31"18"
100 1 _aQueirós, Eça de,
_d1845-1900
_994499
245 1 3 _aLa ciudad y las sierras /
_cJosé María Eça de Queiroz ; traducción de E. Marquina.
250 _a2ª ed.
260 _aBarcelona :
_bMaucci,
_c1911.
300 _a276 p. ;
_c19 cm.
700 1 _aMarquina, Eduardo,
_d1879-1946
_977043
852 _aES-MaACL
_jF-2996
999 _c58695
_d58695